01000nam a2200193 4500001000700000003000900007005001700016007000300033008004100036100002700077245006700104260004500171300003000216651006500246852033500311942002000646999001900666952012100685124014ES-MaACL20250401134929.0t|070214s1949 mx r ||||1| spa d1 aRand Morton, F.99540214aLos novelistas de la revolución mexicana / cF. Rand Morton. aMéxico : bEditorial Cultural, c1949. a270 p. : bil. ; c24 cm. 79151495aMéxico-xHistoria-y1910-1917, Revolución armada aES-MaACLjD-6365 bR.30175bR.M.59609128605cSVIfSello en tinta azul de la Biblioteca del Ateneo de MadridgAnotación manuscrita en cubierta: "26"gAnotación manuscrita en hoja de guarda: "60 ptas"zEn cubierta: "11. NOV. 1950"zEtiqueta en hoja de guarda anterior: "Ínsula, Librería de Ciencias y Letras, [...], Madrid" 2udccMONOGRAFIA c124014d124014 00104070aATENEOMbATENEOMcSVId2008-01-17eSCl0oD-6365p901129202r2023-02-23 00:00:00w2023-02-23yMONOGRAFIA